[Event "Masters Tournament (MTO)"]
[Site "Biel, CH"]
[Date "2025.07.24"]
[Round "10"]
[White "Jordan, Christina"]
[Black "Trubini, Timon"]
[Result "1-0"]
[Board "48"]
[WhiteFideId "1347977"]
[BlackFideId "1347799"]
[WhiteElo "1943"]
[BlackElo "1922"]
[WhiteTeam "SUI"]
[BlackTeam "SUI"]
[WhiteClock "0:10:39"]
[BlackClock "0:01:13"]
[Variant "Standard"]

1. e4 {[%clk 1:40:56]}  c5 {[%clk 1:40:58]} 2. Nf3 {[%clk 1:41:19]}  d6 {[%clk 1:41:27]} 3. d4 {[%clk 1:41:41]}  cxd4 {[%clk 1:41:56]} 4. Nxd4 {[%clk 1:42:03]}  Nf6 {[%clk 1:42:21]} 5. Nc3 {[%clk 1:42:27]}  a6 {[%clk 1:42:48]} 6. Be3 {[%clk 1:42:51]}  e5 {[%clk 1:43:15]} 7. Nb3 {[%clk 1:43:16]}  Be7 {[%clk 1:43:38]} 8. f3 {[%clk 1:43:42]}  Be6 {[%clk 1:44:04]} 9. Qd2 {[%clk 1:44:07]}  h5 {[%clk 1:44:31]} 10. Be2 {[%clk 1:44:09]}  Nbd7 {[%clk 1:36:05]} 11. Nd5 {[%clk 1:44:05]}  Bxd5 {[%clk 1:36:28]} 12. exd5 {[%clk 1:44:26]}  a5 {[%clk 1:32:47]} 13. a4 {[%clk 1:42:45]}  O-O {[%clk 1:32:25]} 14. O-O {[%clk 1:40:58]}  h4 {[%clk 1:24:01]} 15. c4 {[%clk 1:36:18]}  Nh5 {[%clk 1:07:17]} 16. Kh1 {[%clk 1:24:03]}  g5 {[%clk 0:44:58]} 17. Bd3 {[%clk 1:09:08]}  f5 {[%clk 0:30:10]} 18. Qc2 {[%clk 1:04:39]}  e4 {[%clk 0:18:14]} 19. fxe4 {[%clk 0:56:20]}  f4 {[%clk 0:18:29]} 20. Bd4 {[%clk 0:49:55]}  Bf6 {[%clk 0:13:23]} 21. Be2 {[%clk 0:33:37]}  Bxd4 {[%clk 0:11:35]} 22. Nxd4 {[%clk 0:33:17]}  Qf6 {[%clk 0:11:26]} 23. Bxh5 {[%clk 0:23:25]}  Qxd4 {[%clk 0:11:49]} 24. Rad1 {[%clk 0:23:19]}  Qe5 {[%clk 0:11:45]} 25. Bg4 {[%clk 0:20:03]}  Nf6 {[%clk 0:09:51]} 26. Bf5 {[%clk 0:19:32]}  Nh5 {[%clk 0:08:19]} 27. Qe2 {[%clk 0:19:21]}  Nf6 {[%clk 0:05:22]} 28. Rc1 {[%clk 0:18:11]}  Rae8 {[%clk 0:04:24]} 29. Rfe1 {[%clk 0:17:52]}  b6 {[%clk 0:04:07]} 30. Qf2 {[%clk 0:17:21]}  Rb8 {[%clk 0:03:29]} 31. Rc3 {[%clk 0:17:10]}  Nh5 {[%clk 0:03:24]} 32. Qe2 {[%clk 0:16:32]}  Qh8 {[%clk 0:03:25]} 33. Qg4 {[%clk 0:13:57]}  Qh6 {[%clk 0:03:35]} 34. Be6+ {[%clk 0:12:52]}  Kh7 {[%clk 0:03:00]} 35. e5 {[%clk 0:12:09]}  Rbe8 {[%clk 0:01:08]} 36. Bf5+ {[%clk 0:11:40]}  Kh8 {[%clk 0:01:17]} 37. e6 {[%clk 0:12:05]}  Re7 {[%clk 0:00:54]} 38. Bc2 {[%clk 0:10:59]}  Rf6 {[%clk 0:01:13]} 39. Rb3 {[%clk 0:10:39]} 1-0

[Event "Masters Tournament (MTO)"]
[Site "Biel, CH"]
[Date "2025.07.24"]
[Round "10"]
[White "Faraone, Ettore"]
[Black "Hank, Holger"]
[Result "1-0"]
[Board "49"]
[WhiteFideId "1311484"]
[BlackFideId "4648242"]
[WhiteElo "1979"]
[BlackElo "1947"]
[WhiteTeam "SUI"]
[BlackTeam "GER"]
[WhiteClock "0:54:43"]
[BlackClock "0:24:07"]
[Variant "Standard"]

1. e4 {[%clk 1:40:50]}  e6 {[%clk 1:40:21]} 2. d4 {[%clk 1:41:10]}  d5 {[%clk 1:40:46]} 3. Nd2 {[%clk 1:41:29]}  Nf6 {[%clk 1:39:30]} 4. e5 {[%clk 1:41:38]}  Nfd7 {[%clk 1:39:54]} 5. Bd3 {[%clk 1:41:57]}  c5 {[%clk 1:40:18]} 6. c3 {[%clk 1:42:22]}  Nc6 {[%clk 1:40:38]} 7. Qg4 {[%clk 1:42:15]}  Qa5 {[%clk 1:35:12]} 8. Ne2 {[%clk 1:41:02]}  cxd4 {[%clk 1:33:05]} 9. cxd4 {[%clk 1:40:07]}  Qa4 {[%clk 1:32:16]} 10. Qf4 {[%clk 1:35:11]}  Nb4 {[%clk 1:30:15]} 11. Bb1 {[%clk 1:32:22]}  Nc2+ {[%clk 1:28:58]} 12. Bxc2 {[%clk 1:32:38]}  Qxc2 {[%clk 1:29:22]} 13. O-O {[%clk 1:31:51]}  b6 {[%clk 1:29:11]} 14. Ng3 {[%clk 1:29:45]}  Be7 {[%clk 1:19:18]} 15. Nf3 {[%clk 1:29:06]}  h6 {[%clk 1:13:31]} 16. Be3 {[%clk 1:27:52]}  Qh7 {[%clk 1:09:45]} 17. Nh5 {[%clk 1:21:14]}  O-O {[%clk 1:06:48]} 18. Rac1 {[%clk 1:14:52]}  g5 {[%clk 0:48:45]} 19. Qg4 {[%clk 1:10:00]}  Qf5 {[%clk 0:38:44]} 20. Qxf5 {[%clk 1:01:36]}  exf5 {[%clk 0:39:04]} 21. Ng3 {[%clk 1:01:46]}  Nb8 {[%clk 0:36:08]} 22. Rc7 {[%clk 1:01:34]}  Re8 {[%clk 0:28:09]} 23. Bd2 {[%clk 0:56:46]}  Na6 {[%clk 0:27:09]} 24. Rc6 {[%clk 0:55:43]}  Be6 {[%clk 0:23:48]} 25. a3 {[%clk 0:52:59]}  Rac8 {[%clk 0:22:43]} 26. Rfc1 {[%clk 0:50:06]}  Rxc6 {[%clk 0:22:57]} 27. Rxc6 {[%clk 0:50:20]}  Rc8 {[%clk 0:23:20]} 28. Rxc8+ {[%clk 0:49:32]}  Bxc8 {[%clk 0:23:44]} 29. Nh5 {[%clk 0:46:08]}  Nc7 {[%clk 0:21:35]} 30. Ne1 {[%clk 0:44:25]}  Kh7 {[%clk 0:21:11]} 31. Ng3 {[%clk 0:40:28]}  Kg6 {[%clk 0:20:21]} 32. Ne2 {[%clk 0:40:31]}  a5 {[%clk 0:15:36]} 33. Nc3 {[%clk 0:40:28]}  f4 {[%clk 0:13:54]} 34. g3 {[%clk 0:38:33]}  fxg3 {[%clk 0:13:56]} 35. hxg3 {[%clk 0:34:55]}  Bd7 {[%clk 0:10:56]} 36. f4 {[%clk 0:31:54]}  h5 {[%clk 0:03:59]} 37. Ng2 {[%clk 0:35:31]}  f5 {[%clk 0:01:27]} 38. fxg5 {[%clk 0:32:18]}  Bxg5 {[%clk 0:01:06]} 39. Bxg5 {[%clk 0:32:02]}  Kxg5 {[%clk 0:00:55]} 40. Nf4 {[%clk 0:31:09]}  h4 {[%clk 0:01:39]} 41. Nfxd5 {[%clk 0:28:36]}  Nxd5 {[%clk 0:00:31]} 42. gxh4+ {[%clk 0:28:28]}  Kxh4 {[%clk 0:30:13]} 43. Nxd5 {[%clk 0:59:25]}  Kg3 {[%clk 0:28:16]} 44. Nc3 {[%clk 0:55:06]}  f4 {[%clk 0:26:13]} 45. d5 {[%clk 0:52:52]}  Bh3 {[%clk 0:24:53]} 46. Ne4+ {[%clk 0:54:34]}  Kh4 {[%clk 0:24:07]} 47. Kf2 {[%clk 0:54:43]} 1-0

[Event "Masters Tournament (MTO)"]
[Site "Biel, CH"]
[Date "2025.07.24"]
[Round "10"]
[White "Mueller, Konstantin"]
[Black "Marcenaro, Alessandro"]
[Result "1-0"]
[Board "50"]
[WhiteFideId "34661778"]
[BlackFideId "28554094"]
[WhiteElo "2017"]
[BlackElo "2160"]
[WhiteTeam "GER"]
[BlackTeam "ITA"]
[WhiteClock "0:07:51"]
[BlackClock "0:01:17"]
[Variant "Standard"]

1. e4 {[%clk 1:40:58]}  c6 {[%clk 1:40:17]} 2. d4 {[%clk 1:41:19]}  d5 {[%clk 1:40:39]} 3. Nd2 {[%clk 1:41:42]}  dxe4 {[%clk 1:41:01]} 4. Nxe4 {[%clk 1:42:06]}  Nf6 {[%clk 1:41:24]} 5. Nxf6+ {[%clk 1:42:19]}  exf6 {[%clk 1:41:47]} 6. c3 {[%clk 1:42:31]}  Bd6 {[%clk 1:42:06]} 7. Bd3 {[%clk 1:42:50]}  O-O {[%clk 1:42:27]} 8. Qc2 {[%clk 1:43:05]}  Re8+ {[%clk 1:42:46]} 9. Ne2 {[%clk 1:43:23]}  g6 {[%clk 1:42:16]} 10. Be3 {[%clk 1:38:30]}  Be6 {[%clk 1:41:16]} 11. O-O-O {[%clk 1:25:32]}  Qa5 {[%clk 1:26:03]} 12. a3 {[%clk 1:21:36]}  Nd7 {[%clk 1:24:34]} 13. Nf4 {[%clk 1:13:34]}  Nf8 {[%clk 1:06:53]} 14. h3 {[%clk 0:56:33]}  Qc7 {[%clk 1:05:49]} 15. g3 {[%clk 0:51:52]}  Rad8 {[%clk 0:58:44]} 16. Rhe1 {[%clk 0:49:19]}  Bc8 {[%clk 0:47:51]} 17. d5 {[%clk 0:39:33]}  Qa5 {[%clk 0:43:45]} 18. dxc6 {[%clk 0:30:15]}  bxc6 {[%clk 0:43:58]} 19. g4 {[%clk 0:26:01]}  Ne6 {[%clk 0:39:46]} 20. Ne2 {[%clk 0:23:13]}  Ba6 {[%clk 0:23:34]} 21. Bxa6 {[%clk 0:19:17]}  Qxa6 {[%clk 0:23:22]} 22. Ng3 {[%clk 0:17:29]}  Nf4 {[%clk 0:13:33]} 23. Ne4 {[%clk 0:17:19]}  Be5 {[%clk 0:09:12]} 24. Nxf6+ {[%clk 0:17:20]}  Bxf6 {[%clk 0:09:29]} 25. Bxf4 {[%clk 0:17:40]}  Rxd1+ {[%clk 0:09:13]} 26. Qxd1 {[%clk 0:17:47]}  Rd8 {[%clk 0:05:02]} 27. Qf3 {[%clk 0:17:29]}  Qa4 {[%clk 0:04:17]} 28. Qe3 {[%clk 0:08:59]}  Bg7 {[%clk 0:01:52]} 29. Qe8+ {[%clk 0:07:45]}  Bf8 {[%clk 0:01:17]} 30. Qxd8 {[%clk 0:07:51]} 1-0